Indovina il film dall'emoji #2 - Statistics

Statistiche generali
  • Questo quiz è stato fatto 419 volte
  • Il punteggio medio è 9 su 16
Statistiche sulle risposte
Indizio Film % Corretto
🤡🎈👹 It
96%
😈👠 Il Diavolo veste Prada
90%
👱🏻‍♂️🦇👊🏻 Batman
82%
👦🏼🚫✈️ Mamma ho perso l'Aereo
80%
🧙🏻‍♂️💍👁 Il Signore degli Anelli
79%
🐺📈💵 The Wolf of Wall Street
76%
🪓🚪😱 Shining
72%
👵🏻🎶☂️ Mary Poppins
59%
🚙🚗💥 Fast and Furious
53%
👨‍🔬🚘↩️ Ritorno al futuro
43%
👮🏼‍♂️🪑⚡️ Il Miglio Verde
41%
💻🤸🏼‍♂️🔫 Matrix
35%
💍🎰💊 Una Notte da Leoni
35%
🔪🛁🩸 Psyco
33%
🪐👽🔵 Avatar
28%
🎩💣☠️ Oppenheimer
3%
Nessun quiz corrispondente trovato
Distribuzione punteggi
Percentuale di utenti per punteggio
Percentile per numero di risposta
I tuoi punteggi nel tempo
Non hai fatto questo quiz